Barna László 1996. március 16-án elhunyt
Elmentve itt :
| Dokumentumtípus: | Cikk |
|---|---|
| Megjelent: |
1996-03-19
|
| Sorozat: | Délmagyarország
86 No. 66 |
| Kulcsszavak: | Barna László |
| Online Access: | http://dmarchiv.bibl.u-szeged.hu/91747 |
| LEADER | 00413nab a2200145 i 4500 | ||
|---|---|---|---|
| 001 | delm91747 | ||
| 005 | 20191014150716.0 | ||
| 008 | 191014s1996 hu o 0|| hun d | ||
| 040 | |a SZTE Délmagyarország Archívum |b hun | ||
| 041 | |a hun | ||
| 245 | 0 | 0 | |a Barna László 1996. március 16-án elhunyt |h [elektronikus dokumentum] |
| 260 | |c 1996-03-19 | ||
| 300 | |a 9 | ||
| 490 | 0 | |a Délmagyarország |v 86 No. 66 | |
| 695 | |a Barna László | ||